Dream SMP Quiz - Statistics

General Stats
  • This quiz has been taken 182 times
  • The average score is 30 of 52
Answer Stats
Hint Answer % Correct
The server creator Dream
100%
Who went to prison Dream
100%
Who went to fight Dream Tommy, Tubbo
99%
His best friend Tubbo
99%
The new president of L'manberg Tubbo
99%
The nations leader Wilbur
98%
Who was revived Wilbur
98%
The furry Fundy
92%
The L'manberg traitor Eret
91%
Who was exiled Tommy
89%
Who came to live with him Tommy
89%
Who snuck into prison Tommy
89%
Tommy's possessions Discs
88%
The arising nation L'manberg
88%
L'manberg's new name Manberg
83%
What was ghost Wilbur's name Ghostbur
79%
Who was going in with him Ghostbur
79%
His right hand man George
78%
The new king George
78%
Pogropia's first allie Technoblade
75%
Who was executed Technoblade
75%
Wilbur's party Pog2020
74%
Who blew up L'manberg Dream, Technoblade, Philza
73%
Who killed Wilbur Philza
73%
Quackity's party Swag2020
73%
Who is in charge of the prison Awesamdude
70%
What was the red thing called The Egg
68%
What was Ghostbur's sheep's name Friend
63%
The opposing nation Dream SMP
53%
What is Tubbo's new nation called Snowchester
51%
What did he want to do Kill Dream
44%
Schlatt's party Schlatt2020
44%
The coalition parties Swag2020 and Schlatt2020
44%
What was Technoblade's anarchist commune called The Syndicate
42%
Fundy and Niki's party Coconut2020
40%
Who did Puffy kill Antfrost
39%
Who saved him Dream, Punz
39%
Who came to save them Quackity, Technoblade, Purpled
30%
Who was in it Puffy, Awesamdude, Technoblade, Ranboo
25%
What was the festival called Red Festival
25%
Who was Techno's story about Theseus
25%
Who was infected by it Badboyhalo, Antfrost, Punz, Ponk, Hannah
24%
Who was executed Foolish
21%
Schlatt's allies Dream, Sapnap, Punz, Karl
20%
Tubbo's crime Betrayal
19%
What did Schlatt give Dream The Revival Book
18%
Fundy's book A Spy's Diary
15%
What was he opposing organization called Pro-Omelet
10%
What was the celebration called Red Banquet
10%
Why was he exiled Burning George's House
9%
The election date September 22 2020
4%
How did Tommy die Dream beat him to death in prison
1%
No matching quizzes found
Score Distribution
Percent of People with Each Score
Percentile by Number Answered
Your Score History
You have not taken this quiz